Statistics for Beatles Songs By Synonyms

Click here to take the quiz!

General Stats

  • This quiz has been taken 399 times
  • The average score is 9 of 15

Answer Stats

HintAnswer% Correct
Aid!Help!
94%
Operate my VehicleDrive My Car
91%
Allow it to HappenLet It Be
88%
I'd Like to Grasp Your MetacarpusI Want to Hold Your Hand
83%
Coil and HollerTwist and Shout
70%
ObsidianfowlBlackbird
68%
Plastic Ethylene PamelaPolythene Pam
58%
Beelzebub in her tickerDevil In Her Heart
54%
Haul that MassCarry That Weight
49%
Thou Must Conceal Thine Adoration From HereYou've Got to Hide Your Love Away
45%
I Ring your AppellationI Call Your Name
44%
Ancient Burnt-Sienna Foot PocketOld Brown Shoe
44%
Items we Spoke of During SunupThings We Said Today
39%
The Unit Of LanguageThe Word
28%
Yo CrapCanusLupusHey Bulldog
26%

Score Distribution

Percentile by Number Answered

Percent of People with Each Score

Your Score History

You have not taken this quiz